00750cam a2200205 4500001000500000005001700005008003900022010001700061020004000078020003500118020004300153020003800196245009700234250001200331260006300343300002500406504005300431650003200484700002800516306320181127170417.0061004s2007 nyu b 001 0 eng a 2006033017 a0873525973 (hardcover : alk. paper) a0873525981 (pbk. : alk. paper) a9780873525978 (hardcover : alk. paper) a9780873525985 (pbk. : alk. paper)00aIntroduction to scholarship in modern languages and literatures /cedited by Joseph Gibaldi. a2nd ed. aNew York :bModern Language Association of America,c1992. avi, 362 p. ;c26 cm. aIncludes bibliographical references and indexes. 0aPhilology, ModernxHistory.1 aNicholls, David,d1965-